| 000 | 01298nam0a2200337 4500 | ||
|---|---|---|---|
| 001 | RU\NLR\BIBL_A\022776349 | ||
| 005 | 20260426080805.0 | ||
| 010 |
_a978-5-408-07674-1 _92000 |
||
| 021 |
_aRU _bКН-П-26-010322 _9КН-П-26-0990 |
||
| 035 | _a(NLR Aleph) 022776349 | ||
| 090 |
_a13697172 _c13697172 |
||
| 100 | _a20260406d2026 e y0rusy50 ca | ||
| 101 | 0 | _arus | |
| 102 | _aRU | ||
| 105 | _aa g 000yy | ||
| 181 | 0 |
_ai _baxxe |
|
| 182 | 0 | _an | |
| 200 | 1 |
_aСправочник по русскому языку для подготовки к ЕГЭ _e10–11-е классы _fЕ. А. Погорелая |
|
| 203 |
_aТекст _bвизуальный _cнепосредственный |
||
| 205 | _a3-е изд., перераб. | ||
| 210 |
_aМосква _cВАКО _d2026 |
||
| 215 |
_a127, [1] с. _cтабл. _d23 |
||
| 225 | 1 | _aШкольный справочник | |
| 225 | 1 | _aСоответствует ФГОС | |
| 606 | 1 |
_aРусский язык _jСправочники для школьников _91533567 _3RU\NLR\AUTH\66969347 |
|
| 686 | 3 | _aШ141.12-922.1[10/11] | |
| 700 | 1 |
_aПогорелая _bЕ. А. _gЕлена Алексеевна |
|
| 942 | _cBOOK | ||
| 980 | _aNB | ||